AH International Schools' Libraries

Thunder head / (Record no. 50297)

MARC details
000 -LEADER
fixed length control field 00397nam a2200133 4500
020 ## - INTERNATIONAL STANDARD BOOK NUMBER
International Standard Book Number 9781442472464
100 ## - MAIN ENTRY--PERSONAL NAME
Personal name Shusterman, Neal.
9 (RLIN) 85718
245 ## - TITLE STATEMENT
Title Thunder head /
Statement of responsibility, etc Neal Shusterman.
260 ## - PUBLICATION, DISTRIBUTION, ETC. (IMPRINT)
Place of publication, distribution, etc New York:
Name of publisher, distributor, etc Simon & Schuster;
Date of publication, distribution, etc 2019.
300 ## - PHYSICAL DESCRIPTION
Extent 504 p.
Dimensions 21 cm.
490 ## - SERIES STATEMENT
Series statement Arc of Scythe; Bk. 2
650 ## - SUBJECT ADDED ENTRY--TOPICAL TERM
Topical term or geographic name as entry element Governance. AI. Morality. Technology.
Form subdivision Fiction.
9 (RLIN) 87310
942 ## - ADDED ENTRY ELEMENTS (KOHA)
Source of classification or shelving scheme
Koha item type YA FIC BOOKS
Holdings
Withdrawn status Lost status Source of classification or shelving scheme Damaged status Not for loan Collection code Home library Current library Date acquired Total Checkouts Full call number Barcode Date last seen Price effective from Koha item type
          SECONDARY Asian Hope Secondary Library Asian Hope Secondary Library 03/24/2026   YA FIC SHU BK.2 210966 03/24/2026 03/24/2026 YA FIC BOOKS

For any Logos Library related questions please contact Miss Art at swongnarasuk@asianhope.org.

For any Asian Hope Library related questions please contact Miss Raza at graza@asianhope.org.

Powered by Koha